Lý thuyết điều khiển phi tuyến
Đã lưu trong:
| Hovedforfatter: | |
|---|---|
| Format: | Bog |
| Sprog: | Undetermined |
| Udgivet: |
H.
KHKT
2003
|
| Fag: | |
| Tags: |
Tilføj Tag
Ingen Tags, Vær først til at tagge denne postø!
|
| Thư viện lưu trữ: | Trung tâm Học liệu Trường Đại học Cần Thơ |
|---|
| LEADER | 00560nam a2200193Ia 4500 | ||
|---|---|---|---|
| 001 | CTU_57964 | ||
| 008 | 210402s9999 xx 000 0 und d | ||
| 020 | |b 51000 | ||
| 082 | |a 629.836 | ||
| 082 | |b Ph557 | ||
| 100 | |a Nguyễn, Doãn Phước | ||
| 245 | 0 | |a Lý thuyết điều khiển phi tuyến | |
| 245 | 0 | |c Nguyễn Doãn Phước | |
| 260 | |a H. | ||
| 260 | |b KHKT | ||
| 260 | |c 2003 | ||
| 650 | |a Nonlinear control theory,automatic control systems | ||
| 904 | |a Minh | ||
| 980 | |a Trung tâm Học liệu Trường Đại học Cần Thơ | ||